Famous People by Picture Clue #4 - Statistics

General Stats
  • This quiz has been taken 680 times
  • The average score is 11 of 15
Answer Stats
Picture Answer % Correct
Alexander Graham {Bell}
98%
Taylor {Swift}
88%
Dalai {Lama}
87%
Henry {Ford}
87%
Winona {Ryder}
84%
Goldie {Hawn}
79%
Joaquin {Phoenix}
76%
Robert {Peel}
73%
Jeff {Bridges}
72%
Lionel {Messi}
71%
Sally {Field}
63%
Elizabeth {Taylor}
58%
Humphrey {Bogart}
55%
Robert {Redford}
38%
Haile {Selassie}
27%
No matching quizzes found
Score Distribution
Percent of People with Each Score
Percentile by Number Answered
Your Score History
You have not taken this quiz